000 00561nam a2200217Ia 4500
003 OSt
005 20220926043929.0
006 a|||||r|||| 00| 0
007 ta
008 220923b |||||||| |||| 00| 0 eng d
037 _cGeneral Book
040 _aRTL
_cRTL
_beng
041 _2eng
_aeng
082 _aH413, K2
100 _aBeekhuis C
_9348357
245 0 _aEarth-cataclysms
_b A theory of drift and a histori
260 _c1962
650 _aGeology
_915465
942 _hH413, K2
_cGB
_2CC
999 _c673542
_d673542